000 00718nam a2200289Ia 4500
005 20260324144103.0
008 008 260324s9999 xx 000 0 eng d
020 _a9781003482574
037 _aEBOOK
040 _aCRL
040 _beng
040 _cCRL
041 _2eng
041 _aeng
084 _qCRL
100 _aDavid Canter; Miriam Comber; David L. Uzzell
_91218025
245 0 _aFootball in its Place
245 3 _bAn Environmental Psychology of Football Grounds
260 _bTaylor and Francis
260 _c1989
365 _a
365 _b150
856 _uhttp://www.taylorfrancis.com/books/9781003482574
942 _cEBOOK
999 _c1824214
_d1824214